00409nam a22001337a 450000500170000000800410001704100120005808200130007010000130008324500390009626000860013530000280022165000260024920240604093601.0240604b |||||||| |||| 00| 0 eng d aEnglish a349 LAW  lEnglish  aThe Law Reports: Chancery Division aLondon: bThe Incorporated Council of Law Reporting for England and Wales, c1943 bix, 445 pages; c25 cm. aLegal practice bLaw